<?xml version="1.0" encoding="UTF-8"?>
<marc:record xmlns:marc="http://www.loc.gov/MARC21/slim">
   <marc:leader>00000nam a2200000 a 4500</marc:leader>
   <marc:datafield ind1="1" ind2=" " tag="100">
      <marc:subfield code="a">Bottini, Oliver</marc:subfield>
      <marc:subfield code="4">aut</marc:subfield>
      <marc:subfield code="e">Verfasser/-in</marc:subfield>
   </marc:datafield>
   <marc:datafield ind1=" " ind2=" " tag="653">
      <marc:subfield code="a">Krimis, Thriller, Spionage</marc:subfield>
   </marc:datafield>
   <marc:datafield ind1="0" ind2="0" tag="245">
      <marc:subfield code="a">Einmal noch sterben</marc:subfield>
   </marc:datafield>
   <marc:datafield ind1="0" ind2="0" tag="245">
      <marc:subfield code="b">Roman</marc:subfield>
   </marc:datafield>
   <marc:datafield ind1="0" ind2="0" tag="245">
      <marc:subfield code="c">Bottini, Oliver</marc:subfield>
   </marc:datafield>
   <marc:datafield ind1=" " ind2="1" tag="264">
      <marc:subfield code="a">Köln</marc:subfield>
      <marc:subfield code="b">DuMont Buchverlag</marc:subfield>
      <marc:subfield code="c">2022</marc:subfield>
   </marc:datafield>
   <marc:datafield ind1=" " ind2=" " tag="250">
      <marc:subfield code="a">1. Auflage</marc:subfield>
   </marc:datafield>
   <marc:datafield ind1="1" ind2=" " tag="520">
      <marc:subfield code="a">Angaben aus der Verlagsmeldung &#xD;
&#xD;
Februar 2003. Nach den Anschlägen von New York steht der Krieg gegen den Terror vor einem ersten Höhepunkt: Die USA und ihre Verbündeten bereiten sich darauf vor, in den Irak einzumarschieren. BND-Agent Frank Jaromin ist gerade von einem Einsatz in Bosnien zurückgekehrt und will sich eigentlich um seine zerstrittene Familie kümmern. Da kommt ein hochbrisanter Auftrag aus dem Kanzleramt: Eine irakische Regimegegnerin behauptet, die Vorwürfe, die den Krieg legitimieren, seien erfunden, es gebe im Irak nachweislich keine Massenvernichtungswaffen. »Curveball« – jener Informant, auf dessen Aussage die Vorwürfe basieren – lüge. Der BND schickt Frank Jaromin mit zwei Kollegen daher in geheimer Mission nach Bagdad, um die Beweise der Dissidentin zu sichern und den Krieg im letzten Moment zu verhindern. Das aber liegt nicht im Interesse einer Gruppe einflussreicher politischer Akteure – ganz im Gegenteil. Und schon bald kämpft Frank Jaromin um sein Leben …&#xD;
Dem fünffachen Deutschen-Krimipreisträger Oliver Bottini gelingt mit seinem neuen Roman ein Meisterwerk des Spionagethrillers – politisch brisant und absolut mitreißend.</marc:subfield>
   </marc:datafield>
   <marc:datafield ind1=" " ind2=" " tag="020">
      <marc:subfield code="a">9783832198473</marc:subfield>
      <marc:subfield code="9">9783832198473</marc:subfield>
   </marc:datafield>
   <marc:datafield ind1=" " ind2=" " tag="020">
      <marc:subfield code="a">3832198474</marc:subfield>
      <marc:subfield code="9">3832198474</marc:subfield>
   </marc:datafield>
   <marc:datafield ind1=" " ind2=" " tag="041">
      <marc:subfield code="a">ger</marc:subfield>
   </marc:datafield>
   <marc:datafield ind1=" " ind2=" " tag="300">
      <marc:subfield code="b">Gebunden mit Lesebändchen,</marc:subfield>
   </marc:datafield>
   <marc:datafield ind1=" " ind2=" " tag="338">
      <marc:subfield code="a">Band</marc:subfield>
   </marc:datafield>
   <marc:datafield ind1=" " ind2=" " tag="300">
      <marc:subfield code="a">432 Seiten</marc:subfield>
   </marc:datafield>
</marc:record>
